000 00600nam a2200193Ia 4500
003 GCL
008 140319s9999 xx 000 0 ara d
040 _aGCL /
_cGCL
082 0 4 _a415.1
_bر ن
100 1 _aالرازى ، فخر الدين
245 1 0 _aنهاية الايجاز فى دراية الاعجاز /
_cالرازى ، فخر الدين
700 1 _aبكرى شيخ امين (تحقيق)
260 _a[S.N] :
_bدار العلم للملايين ،
_c1985
300 _a437 ص
490 _a
650 0 4 _aالنحو
650 0 4 _aاللغة العربية
942 _2ddc
_cBK
999 _c35075
_d35075